The best/worst in Europe - Statistics

General Stats
  • This quiz has been taken 47 times
  • The average score is 6 of 8
Answer Stats
Hint Answer % Correct
What is the smallest country? Vatican city
100%
What is the biggest country by population? Germany
93%
What is the biggest country? Ukraine
93%
What is the smallest country by population? Vatican city
90%
What is the strongest country by military? France
88%
What is the youngest country? Kosovo
62%
What is the oldest country? Bulgaria
19%
What is the weakest country by military? (that has one) Bosnia and herzegovina
12%
No matching quizzes found
Score Distribution
Percent of People with Each Score
Percentile by Number Answered
Your Score History
You have not taken this quiz